000 00291nam a22001337a 4500
008 170426b xxu||||| |||| 00| 0 eng d
020 _a49579
041 _aeng
080 _a54
100 _a12
101 _aSHM
245 _aCHEMICAL ENGINEERING SERIES
_cCARBERRY, J.J
942 _2udc
_cBK
999 _c12058
_d12058